Mythic Paths in Pathfinder: Wrath of the Righteous - Statistics

General Stats
  • This quiz has been taken 10 times
  • The average score is 7 of 9
Answer Stats
Alignment Answer % Correct
LG Angel
100%
CG Azata
88%
LN Aeon
75%
CE Demon
75%
LE Devil
75%
NG Gold Dragon
75%
NE Lich
75%
CE Swarm
75%
CN Trickster
75%
No matching quizzes found
Score Distribution
Percent of People with Each Score
Percentile by Number Answered
Your Score History
You have not taken this quiz